Statistics for Most Isolated Islands

Click here to take the quiz!

General Stats

  • This quiz has been taken 50 times
  • The average score is 4 of 20

Answer Stats

Hint Answer % Correct
7286Iceland
73%
13,676Hawai'i
51%
6415Madagascar
49%
16115Borneo
30%
15137Taiwan
30%
12145Jamaica
27%
9219Tasmania
22%
31,170New Caledonia
19%
17115Sulawesi
19%
21,909Kerguelen
16%
13145Timor
14%
18115Puerto Rico
14%
2097Crete
11%
14142Wrangel Island
5%
5456East Falkland
5%
41,170Viti Levu
5%
11146Palawan
5%
10202Bougainville Island
3%
8242Halmahera
3%
19112Ellef Ringnes Island
3%

Score Distribution

Percentile by Number Answered

Percent of People with Each Score

Your Score History

You have not taken this quiz